The "big push" in an open economy with nontradable inputs (Registro nro. 29231)
[ vista simple ]
| 000 -LEADER | |
|---|---|
| fixed length control field | 00381 a2200121 4500 |
| 001 - CONTROL NUMBER | |
| control field | ART_44286 |
| 005 - DATE AND TIME OF LATEST TRANSACTION | |
| control field | 20260410161938.0 |
| 008 - FIXED-LENGTH DATA ELEMENTS--GENERAL INFORMATION | |
| fixed length control field | 260409a |
| 100 1# - MAIN ENTRY--PERSONAL NAME | |
| Personal name | Skott, Peter |
| 245 10 - TITLE STATEMENT | |
| Title | The "big push" in an open economy with nontradable inputs |
| 700 1# - ADDED ENTRY--PERSONAL NAME | |
| Personal name | Ros, Jaime |
| 773 0# - HOST ITEM ENTRY | |
| Title | Journal of post Keynesian economics |
| Related parts | - Vol. 20, Nº 1 (sep. 1997) |
| Record control number | REV26226 |
No hay ítems disponibles.